<?xml version="1.0" encoding="UTF-8"?>
<record
    xmlns:xsi="http://www.w3.org/2001/XMLSchema-instance"
    xsi:schemaLocation="http://www.loc.gov/MARC21/slim http://www.loc.gov/standards/marcxml/schema/MARC21slim.xsd"
    xmlns="http://www.loc.gov/MARC21/slim">

  <leader>02632    a2200193   4500</leader>
  <controlfield tag="001">54217</controlfield>
  <controlfield tag="005">20260407155812.0</controlfield>
  <controlfield tag="008">260407a1967    arg                 spa d</controlfield>
  <controlfield tag="003">AR-UNSa-BCEJYS</controlfield>
  <datafield tag="040" ind1=" " ind2=" ">
    <subfield code="a">AR-UNSa-BCEJYS</subfield>
    <subfield code="b">spa</subfield>
    <subfield code="c">AR-UNSa-BCEJYS</subfield>
  </datafield>
  <datafield tag="080" ind1=" " ind2=" ">
    <subfield code="a">336.7</subfield>
    <subfield code="x">Moneda. Sistema monetario. Banca. Bolsa</subfield>
  </datafield>
  <datafield tag="245" ind1="1" ind2="0">
    <subfield code="a">Moneda y bancos en la Rep&#xFA;blica Argentina</subfield>
  </datafield>
  <datafield tag="264" ind1=" " ind2="1">
    <subfield code="a">Buenos Aires :</subfield>
    <subfield code="b">Abeledo Perrot</subfield>
    <subfield code="c">1967</subfield>
  </datafield>
  <datafield tag="300" ind1=" " ind2=" ">
    <subfield code="a">381 p.</subfield>
    <subfield code="c">23 cm.</subfield>
  </datafield>
  <datafield tag="505" ind1=" " ind2=" ">
    <subfield code="a">Primera parte (hasta 1810): El medio circulante en el per&#xED;odo hisp&#xE1;nico - I. Las condiciones econ&#xF3;micas - II. El sistema monetario colonial - Segunda parte (hasta 1852): El medio circulante y el cr&#xE9;dito p&#xFA;blico en el per&#xED;odo 1810-1852 - I. Continuidad financiera y empr&#xE9;stitos(1810-1813) - II. Ordenamiento financiero al instalarse el Directorio - III. Proleg&#xF3;menos de la reforma liberal - IV. Afianzamiento del librecambismo - V. La implantaci&#xF3;n de las instituciones del liberalismo econ&#xF3;mico financiero - VI. La nacionalizaci&#xF3;n de las instituciones - VII. Econom&#xED;a y finanzas en el per&#xED;odo 1835-1852 - Tercera parte(1852-1880): La constituci&#xF3;n de 1853 y reformas de 1860,1866,1898,1949 y 1957 - I. Disposiciones constitucionales - II. Problemas econ&#xF3;micos y financieros de la Confederaci&#xF3;n (1854) - III. Moneda y Bancos en al Confederaci&#xF3;n y Buenos Aires (1853-73) - IV. Las instituciones econ&#xF3;mico-financieras y la crisis de 1873 - Cuarta parte: El per&#xED;odo 1880-1900 - I. La d&#xE9;cada 1880-1890 - II. Situaci&#xF3;n y medidas econ&#xF3;mico-financieras de los a&#xF1;os 1890 y 1891 - III. Arreglo de deudas,unificaci&#xF3;n del circulante y ley de conversi&#xF3;n - Quinta parte (1900-1935): El r&#xE9;gimen monetario y bamcario en el siglo XX hasta 1935 - I. Caracteres generales del sistema monetario y bancario - III. La situaci&#xF3;n econ&#xF3;mica mundial en la primera post-guerra.La crisis 1929-32 - IV. Repercusiones de la gran crisis - V. El pacto Roca-Runciman.Nueva fisonom&#xED;a econ&#xF3;mica.Empr&#xE9;stitos de desbloqueo - Sexta parte: La reforma de 1935 - I. Caracteres generales de la reforma.Banco Central - II. Ley de Bnacos.Instituto Movilizador.Ley de Organizaci&#xF3;n.Bancos oficiales - III. Cr&#xE9;dito industrial - S&#xE9;ptima parte: Las reformas de 1945 y 1949 - I. La reforma de 1946 - II. Nueva estructura del Banco Central de la Rep&#xFA;blica Argentina (1946) - III. Ley de Bancos.Cartas org&#xE1;nicas.Sistema parabancario - IV. La reforma de 1949 - Octava parte: Reforma bancaria de 1956-57 - I. Nuevo r&#xE9;gimen monetario,bancario y crediticio - II. Cartas org&#xE1;nicas y Ley de Bancos</subfield>
  </datafield>
  <datafield tag="942" ind1=" " ind2=" ">
    <subfield code="c">BK</subfield>
  </datafield>
  <datafield tag="590" ind1=" " ind2=" ">
    <subfield code="a">niveau_biblio:m niveau_hierar:0</subfield>
  </datafield>
  <datafield tag="100" ind1="1" ind2=" ">
    <subfield code="a">Difrieri, Jorge A.</subfield>
  </datafield>
  <datafield tag="999" ind1=" " ind2=" ">
    <subfield code="c">5388</subfield>
    <subfield code="d">5388</subfield>
  </datafield>
  <datafield tag="952" ind1=" " ind2=" ">
    <subfield code="0">0</subfield>
    <subfield code="1">0</subfield>
    <subfield code="4">0</subfield>
    <subfield code="7">0</subfield>
    <subfield code="a">BCEJYS</subfield>
    <subfield code="b">BCEJYS</subfield>
    <subfield code="c">16</subfield>
    <subfield code="d">2026-04-07</subfield>
    <subfield code="l">0</subfield>
    <subfield code="o">336.7 D569</subfield>
    <subfield code="p">L22072</subfield>
    <subfield code="r">2026-04-07 15:58:12</subfield>
    <subfield code="w">2026-04-07</subfield>
    <subfield code="y">L</subfield>
  </datafield>
</record>
